| 000 | 00680nam a22002177a 4500 | ||
|---|---|---|---|
| 999 |
_c12595 _d12595 |
||
| 003 | MIRAKIL | ||
| 005 | 20211214000606.0 | ||
| 008 | 190109b tu ||||| |||| 00| 0 tur d | ||
| 040 |
_aTR-AnCHP _cTR-AnCHP |
||
| 041 | _aTUR | ||
| 082 |
_a321.8 _bS26d 1991 |
||
| 090 | _a321.8 S26d 1991 | ||
| 100 |
_aSartori, Giovanni _d1924-2017 |
||
| 245 | 1 | 0 |
_aDemokrasi teorisine geri dönüş _bGiovanni Sartori ; çevirenler: Tunçer Karamustafaoğlu, Mehmet Turhan |
| 260 |
_aAnkara _bTürk Demokrasi Vakfı _c1991 |
||
| 300 |
_axix, 590 s. _c24 sm. |
||
| 504 | _aDizin vardır. | ||
| 650 | 0 |
_aSiyaset ve yönetim _xTürkiye _99 |
|
| 650 | 0 |
_911 _aDemokratik sistemler |
|
| 942 |
_2ddc _cBKS |
||